Star in the forest / (Record no. 4663)

MARC details
000 -LEADER
fixed length control field 01010nam a22002897a 4500
001 - CONTROL NUMBER
control field 4663
003 - CONTROL NUMBER IDENTIFIER
control field FISKH
005 - DATE AND TIME OF LATEST TRANSACTION
control field 20240919113041.0
008 - FIXED-LENGTH DATA ELEMENTS--GENERAL INFORMATION
fixed length control field 240919b cb ||||| |||| 00| 0 eng d
020 ## - INTERNATIONAL STANDARD BOOK NUMBER
International Standard Book Number 9780545523165
040 ## - CATALOGING SOURCE
Original cataloging agency FISKH
Language of cataloging eng
Transcribing agency FISKH
Modifying agency FISKH
050 ## - LIBRARY OF CONGRESS CALL NUMBER
Classification number PZ7.R2978
082 ## - DEWEY DECIMAL CLASSIFICATION NUMBER
Edition number 468
100 ## - MAIN ENTRY--PERSONAL NAME
Personal name Resau, Laura
245 ## - TITLE STATEMENT
Title Star in the forest /
Statement of responsibility, etc. Laura Resau
250 ## - EDITION STATEMENT
Edition statement First printing in 2013
260 ## - PUBLICATION, DISTRIBUTION, ETC.
Place of publication, distribution, etc. New York :
Name of publisher, distributor, etc. Scholastic,
Date of publication, distribution, etc. 2013.
300 ## - PHYSICAL DESCRIPTION
Extent 149 pages :
Dimensions 20cm
505 ## - FORMATTED CONTENTS NOTE
Formatted contents note R<br/>
520 ## - SUMMARY, ETC.
Summary, etc. After eleven-year-old Zitlally's father is deported to Mexico, she takes refuge in her trailer park's forest of rusted car parts, where she befriends a spunky neighbor and finds a stray dog that she nurses back to health and believes she must keep safe so that her father will return.
521 8# - TARGET AUDIENCE NOTE
Target audience note 780L<br/>
Source Lexile<br/>
521 8# - TARGET AUDIENCE NOTE
Target audience note R<br/>
Source Raz-Plus<br/>
650 ## - SUBJECT ADDED ENTRY--TOPICAL TERM
Source of heading or term Friendship
Topical term or geographic name entry element Illegal immigration
650 ## - SUBJECT ADDED ENTRY--TOPICAL TERM
Source of heading or term Deportation
Topical term or geographic name entry element Immigration
942 ## - ADDED ENTRY ELEMENTS (KOHA)
Source of classification or shelving scheme Dewey Decimal Classification
Koha item type Books
Suppress in OPAC No
Holdings
Withdrawn status Lost status Source of classification or shelving scheme Damaged status Not for loan Collection Home library Current library Shelving location Date acquired Total Checkouts Full call number Barcode Date last seen Copy number Price effective from Koha item type
    Dewey Decimal Classification     Fiction Footprints International School Library Network Toul Kork Campus Footprints International School Library Network Toul Kork Campus TTP Primary Orange Bookshelves 09/19/2024   RES 468 PZ7.R2978 2024-2036 09/19/2024 1 09/19/2024 Books